Biología general /

Guardado en:
Autor Principal: Bianchi Lischetti, Angel
Formato: Libro
Publicado: Buenos Aires : El Ateneo, 1962.
Edición:15a. ed.
Materias:
Etiquetas: Agregar Etiqueta
Sin Etiquetas, Sea el primero en etiquetar este registro!
LEADER 00482nam a22001815a 4500
001 CEM.cems001040
008 130507s1962##################000#0#####d
005 20240814130638.0
245 1 0 |a Biología general / 
250 |a 15a. ed. 
260 |a Buenos Aires :  |b El Ateneo,  |c 1962. 
300 |a 527 p. 
100 1 |a Bianchi Lischetti, Angel 
082 0 4 |a 570 
653 |a Biologia 
653 |a Ecologia 
653 |a Vida-origen 
859 |a CEMS  |b BIB. CEMS - 11 de abril  |h 570  |i B47a15  |p 5045.76  |t Ej.1